000
00202 a2200097 4500
001
23930
100
_a
Allitnyeva, S
245
_a
Only One year
260
_a
_b
Hutchinson
_c
1969
090
_c
16196
_d
16196
942
_a
NUST-CAE
_c
M
_c
6887
999
_c
259003
_d
259003